Breciarium romanum ex decreto sacrosancti Concilii Tridentini restitutum, S. Pii V. Pontificis Maximi jussu editum,...

Detalles Bibliográficos
Formato: Libro
Publicado: Madrid 1788
Materias:
Colección:Banco de datos
Acervo:Biblioteca del Ex Convento de Nuestra Señora de Guadalupe. Zacatecas
Descripción Física:pars hiemalis
Tema general:Liturgia
Notas:Regular. XXXI, 2, 29 (s/ núm). Ex libris manuscrito de Fr. Francisco Morales.
LEADER 00783nam a22001930004500
035 |a 46942 
036 |a 8126 
245 1 0 |a Breciarium romanum ex decreto sacrosancti Concilii Tridentini restitutum, S. Pii V. Pontificis Maximi jussu editum,... 
260 |a Madrid  |b imp. Antonio de Sáncha  |c 1788 
300 |a pars hiemalis 
500 |a Regular. XXXI, 2, 29 (s/ núm). Ex libris manuscrito de Fr. Francisco Morales. 
650 1 0 |a Liturgia 
949 |a CRZ-CG 
959 |a Ex convento de Nuestra Señora de Guadalupe, Museo Regional de Zacatecas, Zacatecas  |b CCC4 
960 |a Convento de Nuestra Señora de Guadalupe, Zacatecas  |b DD87 
961 |a Franciscana  |b OF 
942 |c CRZ-CG 
943 |g Biblioteca del Ex Convento de Nuestra Señora de Guadalupe. Zacatecas 
999 |c 971069  |d 971069